000 00656nam a22002057a 4500
005 20210325182625.0
008 s2000 eng d
041 _aeng
050 _aDS586 B35H 2000
245 1 0 _aHis Majesty The King and water resources management
260 3 _aBangkok :
_bOffice of the National Water Resources Committee,
_c[2000?]
300 _a271 p. :
_b ill., table ;
_c 30 cm.
650 0 4 _aBhumibol Adulyadej, King of Thailand, 1927--
650 0 4 _aWater in agriculture -- Thailand
650 0 4 _aWater resources -- Thailand
850 _aNALT
942 _cGB
997 _c000000000014982
998 _aPRATHANA
999 _c14982
_d14982